• 首页
  • 本馆介绍
  • 公告通知
  • 最新文献
  • 馆藏检索
  • 电子资源
  • 读者导购
  • 参考咨询
  • 我的图书馆
  • 登录
  • 详细信息显示
  • 放入我的书架
  • 预约/预借图书
  • 作者相关作品
  • 分类相关作品
  • 丛书相关作品
  • 出版社相关作品

书目信息

  • 表格格式
  • 工作单格式
  • 卡片格式
题名:
首席专家赵霖谈平衡膳食健康忠告
    
 
作者: 赵霖 著
分册:  
出版信息: 北京   人民卫生出版社  2003
页数: 222页
开本: 20cm
丛书名: 相约健康社区行巡讲精粹
单 册:
中图分类: R151.4
科图分类:
主题词: 膳食--饮食卫生--基本知识 , 食品营养:合理营养
电子资源:
ISBN: 7-117-05703-3
000 00946oam2 2200265 45
001 020000002704
005 20051213092957.01
010    @a7-117-05703-3@dCNY10.00
092    @aCN
100    @a20031113d2003 ekmy0chiy0120 ea
101 0  @achi
102    @aCN@b110000
105    @aa z 000yy
200 1  @a首席专家赵霖谈平衡膳食健康忠告@9shou xi zhuan jia zhao lin tan ping heng shan shi jian kang zhong gao@f赵霖著@Fzhao lin zhu
210    @a北京@c人民卫生出版社@d2003
215    @a222页@c图@d20cm
225 2  @a相约健康社区行巡讲精粹@f殷大奎主编
330    @a本书以健康的生活方式为主题,内容包括合理善食、适量运动、平衡心理、常见病防治等群众关心的话题和必备的知识。
461  0 @12001 @a相约健康社区行巡讲精粹@1701 0@a殷大奎@Ayin da kui@4主编
606 0  @a膳食@x饮食卫生@x基本知识
606 0  @a食品营养:合理营养
690    @aR151.4@v4
701  0 @a赵霖@Azhao lin@4著
801  0 @aCN@bCXYBOOK@c20051213
905    @a10447@dR151.4@e30
    
    首席专家赵霖谈平衡膳食健康忠告/赵霖著.-北京:人民卫生出版社,2003
    222页:图;20cm.-(相约健康社区行巡讲精粹/殷大奎主编)
    
    
    ISBN 7-117-05703-3:CNY10.00
    本书以健康的生活方式为主题,内容包括合理善食、适量运动、平衡心理、常见病防治等群众关心的话题和必备的知识。
●
相关链接 在E读中查询图书 在五车中查询图书 在当当中查询图书 在豆瓣中查询图书


正题名:首席专家赵霖谈平衡膳食健康忠告     索取号:R151.4/30         预约/预借

序号 登录号 条形码 馆藏地/架位号 状态 备注
1 0371049   203710494   第二样本阅览室/ [索取号:R151.4/30] 在馆    
2 0371050   203710500   第三借阅区/ [索取号:R151.4/30] 在馆    
3 0371051   203710519   教育系资料室/ [索取号:R151.4/30] 在馆    
4 0371052   203710528   第三借阅区/ [索取号:R151.4/30] 在馆    
5 0371053   203710537   教育系资料室/ [索取号:R151.4/30] 在馆    
唐山师范学院图书馆 欢迎您!
大连网信软件有限公司© 版权所有